Normal view
MARC view
Entry Personal Name
001 - CONTROL NUMBER
- control field: 8088
003 - CONTROL NUMBER IDENTIFIER
- control field: ARRUPE
005 - DATE AND TIME OF LATEST TRANSACTION
- control field: 20140206120016.0
008 - FIXED-LENGTH DATA ELEMENTS
- fixed length control field: 140206|| aca||aabn | a|a d
040 ## - CATALOGING SOURCE
- Original cataloging agency: ARRUPE
- Transcribing agency: ARRUPE
100 ## - HEADING--PERSONAL NAME
- Personal name: Luschei, Eugene C.
670 ## - SOURCE DATA FOUND
- Source citation: Work cat.: (ARRUPE)0: Luschei, Eugene C., The logical systems of Lesniewski., 1962.